Santa Barbara Municipal Airport Destinations (Santa Barbara, CA, USA) - Statistics

General Stats
  • This quiz has been taken 36 times
    23 since last reset
  • The average score is 11 of 12
Answer Stats
Airline Destination % Correct
Southwest Airlines Las Vegas
100%
United Express Los Angeles
100%
American Airlines/American Eagle/Southwest Airlines Phoenix (Sky Harbor)
100%
Alaska Airlines Portland (OR)
100%
United Airlines/United Express San Francisco
100%
Alaska Airlines Seattle/Tacoma
100%
Southwest Airlines/United Airlines/United Express Denver
95%
Southwest Airlines Oakland
95%
Delta Air Lines Salt Lake City
95%
Delta Air Lines Atlanta
89%
American Airlines Dallas/Fort Worth
89%
Southwest Airlines Sacramento
84%
No matching quizzes found
Score Distribution
Percent of People with Each Score
Percentile by Number Answered
Your Score History
You have not taken this quiz since the last reset